| 000 | 01524nam a2200361 a 4500 | ||
|---|---|---|---|
| 001 | ebr10427346 | ||
| 003 | CaPaEBR | ||
| 006 | m u | ||
| 007 | cr cn||||||||| | ||
| 008 | 090306s2009 enka sb 001 0 eng | ||
| 010 | _z 2009009022 | ||
| 020 | _z9780826434654 (pbk. : alk. paper) | ||
| 020 | _z0826434657 (pbk. : alk. paper) | ||
| 040 |
_aCaPaEBR _cCaPaEBR |
||
| 035 | _a(OCoLC)686709377 | ||
| 043 | _ae-uk--- | ||
| 050 | 1 | 4 |
_aLC4096.G7 _bV59 2009eb |
| 082 | 0 | 4 |
_a371.93 _222 |
| 100 | 1 | _aVizard, Dave. | |
| 245 | 1 | 0 |
_aMeeting the needs of disaffected students _h[electronic resource] : _bengaging students with social, emotional and behavioural difficulties / _cDave Vizard. |
| 260 |
_aLondon ; _aNew York : _bNetwork Continuum, _cc2009. |
||
| 300 |
_avi, 122 p. : _bill. |
||
| 490 | 0 | _aMeeting the needs series | |
| 504 | _aIncludes bibliographical references (p. 115-118) and index. | ||
| 504 | _aIncludes Web resources. | ||
| 533 |
_aElectronic reproduction. _bPalo Alto, Calif. : _cebrary, _d2013. _nAvailable via World Wide Web. _nAccess may be limited to ebrary affiliated libraries. |
||
| 650 | 0 |
_aChildren with social disabilities _xEducation _zGreat Britain. |
|
| 650 | 0 |
_aMotivation in education _zGreat Britain. |
|
| 650 | 0 |
_aProblem youth _xBehavior modification _zGreat Britain. |
|
| 655 | 7 |
_aElectronic books. _2local |
|
| 710 | 2 | _aebrary, Inc. | |
| 856 | 4 | 0 |
_uhttp://site.ebrary.com/lib/rucke/Doc?id=10427346 _zAn electronic book accessible through the World Wide Web; click to view |
| 999 |
_c239909 _d239909 |
||